00583nam a2200169Ia 4500008004100000041000800041082001900049100001700068245005000085260003200135300000800167365001600175700001700191906002500208999001900233952016100252230718s9999 xx 000 0 und d aeng a621.382'2bCHI aChitode J.S. aDigital Signal ProcessingbWith Programs In C c2000bTechnical Publication a576 cRs.b240.00 aChitode J.S. dB:-22-Jan-2007cETC  c315868d315868 01104070aCCEPbCCEPd2007-01-23eDonated by karmarkar mugdhafETC g240.00o621.382'2pCCEP-BK-27075r2023-07-18 00:00:00v240.00w2007-01-03yBKz027075